| 000 | 00643 a2200181 4500 | ||
|---|---|---|---|
| 001 | 066431 | ||
| 003 | OSt | ||
| 005 | 20210928122622.0 | ||
| 008 | |||
| 082 |
_a530.154 _bF91P |
||
| 100 | 1 | _aFriedman, Yaakov | |
| 245 | 1 |
_aPhysical applications of homogeneous balls _cby Yaakov Friedman and Tzvi Scarr |
|
| 260 |
_aBoston _bBirkhouser _c2004 |
||
| 300 | _a279p. | ||
| 690 | _aMathematical physics--Mathematical models; Special relativity (Physics); Homogeneous spaces; Mathematical physics; Mathematics; Topological groups; Geometry; Global differential geometry | ||
| 700 | _aScarr, Tzvi | ||
| 942 |
_2ddc _cBK |
||
| 999 |
_c486 _d486 |
||